Statistics for Countries that Border Colombia

Click here to take the quiz!

General Stats

  • This quiz has been taken 22 times
  • The average score is 5 of 5

Answer Stats

Country% Correct
Peru
100%
Venezuela
100%
Brazil
94%
Ecuador
94%
Panama
89%

Score Distribution

Percentile by Number Answered

Percent of People with Each Score

Your Score History

You have not taken this quiz